International affairs / (Record no. 184301)
[ view plain ]
| 000 -LEADER | |
|---|---|
| fixed length control field | 00923 a2200193 4500 |
| 003 - CONTROL NUMBER IDENTIFIER | |
| control field | NUST |
| 005 - DATE AND TIME OF LATEST TRANSACTION | |
| control field | 20221215172205.0 |
| 040 ## - CATALOGING SOURCE | |
| Transcribing agency | Nust |
| 082 ## - DEWEY DECIMAL CLASSIFICATION NUMBER | |
| Classification number | 327,MAH |
| 100 ## - MAIN ENTRY--PERSONAL NAME | |
| Personal name | Mahmood, Dr. Safdar |
| 9 (RLIN) | 105021 |
| 245 ## - TITLE STATEMENT | |
| Title | International affairs / |
| Statement of responsibility, etc. | Dr. Safdar Mahmood |
| 250 ## - EDITION STATEMENT | |
| Edition statement | 17th ed |
| 260 ## - PUBLICATION, DISTRIBUTION, ETC. | |
| Place of publication, distribution, etc. | Lahore |
| Name of publisher, distributor, etc. | Jang Publisher |
| Date of publication, distribution, etc. | 2000 |
| 300 ## - PHYSICAL DESCRIPTION | |
| Extent | 763 p.: |
| Other physical details | illus |
| Dimensions | 24 cm |
| 505 ## - FORMATTED CONTENTS NOTE | |
| Formatted contents note | Part-1: International Relations Between the Two World Wars (Page-15), Part-2: Toward International the United Nations (Page-25), The Commonwealth of Nations (Page-60), Part-3: Rise of Nationalism Asia and the West (Page-118), Part-4: The American Continents (Page-248), Part-5: Iran (Page-290), Disintegration of the Ussr and Re-Emergence of Russia (Page-313), China (Page-348), Contemporary International Issues (Page-398). |
| 600 ## - SUBJECT ADDED ENTRY--PERSONAL NAME | |
| Personal name | Dr. Safdar Mahmood |
| 9 (RLIN) | 54635 |
| 650 ## - SUBJECT ADDED ENTRY--TOPICAL TERM | |
| Topical term or geographic name entry element | International affairs |
| 9 (RLIN) | 104891 |
| 942 ## - ADDED ENTRY ELEMENTS (KOHA) | |
| Source of classification or shelving scheme | |
| Koha item type | Book |
| Call number prefix | 327,MAH |
| Withdrawn status | Lost status | Source of classification or shelving scheme | Damaged status | Not for loan | Permanent Location | Current Location | Date acquired | Full call number | Barcode | Date last seen | Price effective from | Koha item type | Public note |
|---|---|---|---|---|---|---|---|---|---|---|---|---|---|
| Military College of Signals (MCS) | Military College of Signals (MCS) | 12/12/2016 | 327,MAH | MCS27824 | 12/08/2016 | 12/12/2016 | Book | Almirah No.49, Shelf No.6 |
